000 00180 a2200097 4500
020 _a9780439588638
041 _aeng
100 _aJEFF BROWN
245 _aFLAT STANLEY
942 _cBK
999 _c2983
_d2983